00539 2200193 4500001002100000005001500021035002000036007000300056008004100059020002200100082000800122084001400130100002400144245007300168260003800241300004000279650001000319600001600329INLIS00000000000105420241010084130 a0010-1024000024ta241010 g 0 ind  a978-979-582-284-4 a634 a634 AND s0 aAndi Amran Sulaiman1 aSAWIT Indonesia :bdalam dinamika pasar dunia /cAndi Amran Sulaiman aJakarta :bPertanian Press,c2024 a92 hlm, :bilus, ;c21 cm X 29,5 cm 4aSawit 4aPasar Dunia